000 00455nam a2200169Ia 4500
008 210719s2003 xx 000 0 und d
020 _a8173714487
041 _aeng
082 _a511.8KAK ROBC
100 _aROBERTSON (Jack) WILLIAM (Webb)
245 _aCake cutting algorithms: be fair if you can.
260 _aHyderabad
_bUniversities Press
_c2003
300 _avii,181
_bPB
365 _b165
_cRs
650 _aMathematics
906 _aAlgorithms
999 _c213810
_d213810